| 000 | 02033nam a2200277 4500 | ||
|---|---|---|---|
| 001 | 63 | ||
| 003 | OSt | ||
| 005 | 20250207100758.0 | ||
| 008 | 250123b |||||||e |||| 00| 0 eng d | ||
| 040 | _bpor | ||
| 041 |
_hita _apor |
||
| 082 |
_a133.9 _bB793f |
||
| 100 | 1 |
_aBozzano, Ernesto, _d1862-1943 _9163 |
|
| 240 | _aConsidérations et hypothéses sur les phénomènes de bilocation | ||
| 245 |
_aFenomenos de bilocação _b(desdobramento) / _cBozzano, Ernesto ; Tradução de Dr. Francisco Klors Werneck e Prefácio de Dr. Carlos Imbassahy |
||
| 260 |
_aSão Paulo _bCorreio Fraterno _c1983 |
||
| 300 | _a151 p. | ||
| 520 | _aO termo “bilocação” é utilizado para denominar o fenômeno supranormal em que um mesmo indivíduo aparece simultaneamente em dois lugares distintos. Na realidade, o que ocorre nesse fenômeno é a separação temporária, nos seres encarnados, entre o espírito e o seu corpo físico. Nesta obra Ernesto Bozzano expõe, classifica e comenta os vários tipos de fenômenos de bilocação. O autor demonstra que o ser humano possui um corpo etéreo que pode, em certas circunstâncias, afastar-se do corpo físico e retornar após realizar alguma tarefa ou apenas ter feito um pequeno passeio. O autor procura demonstrar que o fenômeno de bilocação é um dos mais propícios a evidenciar a independência da alma em relação ao corpo físico. Provado que o Espírito não está definitivamente preso ao organismo, fácil é compreender que esse espírito possa, no final da vida, desligar-se para sempre do seu envoltório carnal, para continuar a viver fora dele, nessa fase intérmina da existência, a que chamamos morte, mas que, na verdade, é simplesmente a continuação da vida e da evolução infinitas | ||
| 650 | 0 |
_aLiteratura italiana _9164 |
|
| 650 | 0 |
_aEstudos Espíritas _9165 |
|
| 650 | 0 |
_aMediunidade _9166 |
|
| 650 | 0 |
_aTeoria _96 |
|
| 700 |
_aDr. Francisco Klors Werneck _eTradutor _9167 |
||
| 700 |
_aDr. Carlos Imbassahy _ePrefácio _9168 |
||
| 942 |
_2ddc _n0 _cBK |
||
| 999 |
_c63 _d63 |
||